[Event "Landsturneringen 2017"]
[Site "Clarion Energy Hotel, Stavanger"]
[Date "2017.07.05"]
[Round "6"]
[White "Ranaldi, Lucas"]
[Black "Merkesvik, Sondre"]
[Result "1/2-1/2"]
[WhiteElo "2269"]
[BlackElo "2211"]
[PlyCount "93"]

1. c4 {[%clk 1:30:57]} g6 {[%clk 1:30:41]} 2. e4 {[%clk 1:31:21]} c5
{[%clk 1:30:58]} 3. Nf3 {[%clk 1:31:43]} Nc6 {[%clk 1:31:18]} 4. d4
{[%clk 1:32:08]} cxd4 {[%clk 1:31:45]} 5. Nxd4 {[%clk 1:32:29]} Nf6
{[%clk 1:32:08]} 6. Nc3 {[%clk 1:32:52]} d6 {[%clk 1:32:25]} 7. Be2
{[%clk 1:32:54]} Nxd4 {[%clk 1:32:51]} 8. Qxd4 {[%clk 1:33:20]} Bg7
{[%clk 1:33:18]} 9. Be3 {[%clk 1:32:10]} O-O {[%clk 1:32:56]} 10. Qd2
{[%clk 1:32:01]} Qa5 {[%clk 1:32:50]} 11. O-O {[%clk 1:31:22]} Be6
{[%clk 1:33:04]} 12. Rac1 {[%clk 1:22:15]} Rfc8 {[%clk 1:30:10]} 13. b3
{[%clk 1:21:58]} a6 {[%clk 1:25:46]} 14. f3 {[%clk 0:51:03]} b5 {[%clk 1:18:15]}
15. Nd5 {[%clk 0:45:46]} Qxd2 {[%clk 1:18:10]} 16. Bxd2 {[%clk 0:45:39]} Nxd5
{[%clk 1:17:32]} 17. cxd5 {[%clk 0:44:47]} Bd4+ {[%clk 1:12:33]} 18. Kh1
{[%clk 0:45:09]} Bd7 {[%clk 1:13:00]} 19. Bd3 {[%clk 0:43:28]} Rxc1
{[%clk 1:07:23]} 20. Rxc1 {[%clk 0:43:50]} Rc8 {[%clk 1:07:53]} 21. Rxc8+
{[%clk 0:43:56]} Bxc8 {[%clk 1:08:22]} 22. g4 {[%clk 0:42:50]} f6
{[%clk 1:04:34]} 23. Kg2 {[%clk 0:42:53]} g5 {[%clk 1:04:07]} 24. Ba5
{[%clk 0:41:22]} h6 {[%clk 0:55:36]} 25. Kf1 {[%clk 0:41:00]} Kf7
{[%clk 0:49:27]} 26. Ke2 {[%clk 0:40:58]} Ke8 {[%clk 0:46:39]} 27. Kd2
{[%clk 0:40:46]} Bd7 {[%clk 0:46:07]} 28. h3 {[%clk 0:39:07]} Bc8
{[%clk 0:45:16]} 29. Kc2 {[%clk 0:38:04]} Bd7 {[%clk 0:45:26]} 30. a4
{[%clk 0:36:43]} Bf2 {[%clk 0:33:46]} 31. axb5 {[%clk 0:35:48]} Bxb5
{[%clk 0:17:46]} 32. Bxb5+ {[%clk 0:21:57]} axb5 {[%clk 0:18:14]} 33. Bd2
{[%clk 0:21:42]} Bd4 {[%clk 0:14:08]} 34. f4 {[%clk 0:17:03]} Kd7
{[%clk 0:08:17]} 35. Kd3 {[%clk 0:16:45]} Bf2 {[%clk 0:07:41]} 36. e5
{[%clk 0:09:35]} dxe5 {[%clk 0:04:27]} 37. fxe5 {[%clk 0:09:43]} fxe5
{[%clk 0:02:49]} 38. Ke4 {[%clk 0:09:59]} Bg3 {[%clk 0:01:13]} 39. Bc3
{[%clk 0:09:44]} Kd6 {[%clk 0:01:24]} 40. Bb4+ {[%clk 0:09:38]} Kd7
{[%clk 0:01:50]} 41. Kf5 {[%clk 0:09:15]} Bf4 {[%clk 0:29:19]} 42. Bc5
{[%clk 0:38:58]} Bg3 {[%clk 0:28:38]} 43. Ba7 {[%clk 0:33:16]} Kd6
{[%clk 0:24:17]} 44. Ke4 {[%clk 0:33:30]} Kc7 {[%clk 0:24:46]} 45. Bc5
{[%clk 0:33:02]} Kd7 {[%clk 0:25:08]} 46. Kf5 {[%clk 0:33:14]} Bf4
{[%clk 0:25:20]} 47. Bb4 {[%clk 0:30:20]}
1/2-1/2

[Event "Landsturneringen 2017"]
[Site "Clarion Energy Hotel, Stavanger"]
[Date "2017.07.05"]
[Round "6"]
[White "Vestby-Ellingsen, Mads"]
[Black "Lund, Gunnar"]
[Result "1-0"]
[WhiteElo "2175"]
[BlackElo "2051"]
[PlyCount "63"]

1. d4 {[%clk 1:30:56]} Nf6 {[%clk 1:30:53]} 2. c4 {[%clk 1:31:19]} e6
{[%clk 1:31:18]} 3. Nf3 {[%clk 1:31:42]} d5 {[%clk 1:31:44]} 4. Nc3
{[%clk 1:32:03]} c6 {[%clk 1:32:11]} 5. e3 {[%clk 1:29:29]} Bd6 {[%clk 1:32:14]}
6. Bd3 {[%clk 1:29:26]} Nbd7 {[%clk 1:32:37]} 7. O-O {[%clk 1:29:10]} O-O
{[%clk 1:33:03]} 8. e4 {[%clk 1:27:43]} dxc4 {[%clk 1:22:18]} 9. Bxc4
{[%clk 1:28:03]} e5 {[%clk 1:22:34]} 10. Re1 {[%clk 1:15:08]} exd4
{[%clk 1:19:06]} 11. Nxd4 {[%clk 0:54:18]} Ne5 {[%clk 1:10:15]} 12. Be2
{[%clk 0:54:35]} Bc5 {[%clk 0:43:57]} 13. Nf5 {[%clk 0:38:39]} Bxf5
{[%clk 0:41:08]} 14. exf5 {[%clk 0:38:59]} Qc8 {[%clk 0:35:45]} 15. Qc2
{[%clk 0:35:23]} Neg4 {[%clk 0:15:30]} 16. Bxg4 {[%clk 0:35:35]} Nxg4
{[%clk 0:15:25]} 17. Ne4 {[%clk 0:35:38]} Bd4 {[%clk 0:09:17]} 18. Qd1
{[%clk 0:26:34]} Qxf5 {[%clk 0:03:11]} 19. Qxd4 {[%clk 0:26:56]} Rad8
{[%clk 0:03:31]} 20. Qc5 {[%clk 0:21:30]} Rd5 {[%clk 0:03:38]} 21. Qc2
{[%clk 0:21:52]} Re8 {[%clk 0:03:26]} 22. f3 {[%clk 0:19:58]} Ne5
{[%clk 0:00:43]} 23. Bg5 {[%clk 0:15:45]} Nd3 {[%clk 0:00:32]} 24. Nf6+
{[%clk 0:15:23]} gxf6 {[%clk 0:00:59]} 25. Rxe8+ Kg7 26. Be3 {[%clk 0:15:05]} Qd7
{[%clk 0:01:56]} 27. Re4 {[%clk 0:13:57]} f5 {[%clk 0:02:02]} 28. Qc3+
{[%clk 0:13:38]} Kg6 {[%clk 0:02:08]} 29. Rd4 {[%clk 0:13:17]} Ne5
{[%clk 0:02:01]} 30. Rxd5 {[%clk 0:13:33]} Qxd5 {[%clk 0:02:31]} 31. Qd4
{[%clk 0:13:01]} Qb5 {[%clk 0:03:00]} 32. a4 {[%clk 0:12:26]}
1-0

[Event "Landsturneringen 2017"]
[Site "Clarion Energy Hotel, Stavanger"]
[Date "2017.07.05"]
[Round "6"]
[White "Løbersli, Henrik Øie"]
[Black "Kizatbay, Abyl"]
[Result "1-0"]
[WhiteElo "2084"]
[BlackElo "2127"]
[PlyCount "61"]

1. d4 {[%clk 1:30:54]} Nf6 {[%clk 1:29:36]} 2. c4 {[%clk 1:31:07]} g6
{[%clk 1:27:53]} 3. Nc3 {[%clk 1:31:01]} d5 {[%clk 1:26:51]} 4. Bg5
{[%clk 1:30:46]} Ne4 {[%clk 1:23:47]} 5. Bh4 {[%clk 1:30:28]} Nxc3
{[%clk 1:21:10]} 6. bxc3 {[%clk 1:30:50]} dxc4 {[%clk 1:21:36]} 7. e3
{[%clk 1:30:58]} Be6 {[%clk 1:15:15]} 8. Qb1 {[%clk 1:30:27]} b6 {[%clk 0:58:13]}
9. Nh3 {[%clk 1:30:03]} Bd5 {[%clk 0:50:22]} 10. e4 {[%clk 1:28:31]} Bb7
{[%clk 0:50:21]} 11. Bxc4 {[%clk 1:28:27]} Qd6 {[%clk 0:34:59]} 12. O-O
{[%clk 1:19:49]} Bg7 {[%clk 0:34:01]} 13. Bg3 {[%clk 1:06:52]} Qa3
{[%clk 0:27:07]} 14. Qd3 {[%clk 0:59:30]} O-O {[%clk 0:27:10]} 15. Bxc7
{[%clk 0:49:45]} Nc6 {[%clk 0:27:38]} 16. Rfb1 {[%clk 0:34:30]} Na5
{[%clk 0:26:27]} 17. Bb3 {[%clk 0:34:31]} Rac8 {[%clk 0:20:04]} 18. Bf4
{[%clk 0:33:34]} h6 {[%clk 0:14:58]} 19. e5 {[%clk 0:27:50]} e6 {[%clk 0:11:51]}
20. Bxe6 {[%clk 0:19:22]} fxe6 {[%clk 0:06:54]} 21. Qxg6 {[%clk 0:19:35]} Qe7
{[%clk 0:06:23]} 22. Bxh6 {[%clk 0:19:10]} Kh8 {[%clk 0:06:41]} 23. Ng5
{[%clk 0:16:53]} Bxh6 {[%clk 0:06:40]} 24. Qxh6+ {[%clk 0:17:21]} Kg8
{[%clk 0:07:03]} 25. Qg6+ {[%clk 0:05:28]} Kh8 {[%clk 0:07:14]} 26. Rd1
{[%clk 0:05:32]} Rf5 {[%clk 0:05:40]} 27. Rd3 {[%clk 0:04:31]} Qg7
{[%clk 0:03:58]} 28. Rh3+ {[%clk 0:03:42]} Kg8 {[%clk 0:04:21]} 29. Qxe6+
{[%clk 0:03:55]} Rf7 {[%clk 0:04:35]} 30. Rh7 {[%clk 0:02:38]} Qxg5
{[%clk 0:04:39]} 31. Qxf7#
1-0

[Event "Landsturneringen 2017"]
[Site "Clarion Energy Hotel, Stavanger"]
[Date "2017.07.05"]
[Round "6"]
[White "Machlik, Edit"]
[Black "Greibrokk, Ingrid"]
[Result "1-0"]
[WhiteElo "2084"]
[BlackElo "1868"]
[PlyCount "77"]
[EventDate "2017.??.??"]

1. d4 d5 2. c4 e6 3. Nc3 Nf6 4. cxd5 exd5 5. Bg5 c6 6. e3 Bd6 7. Qc2 h6 8. Bxf6
gxf6 9. Bd3 Qb6 10. Nxd5 Qa5+ 11. Nc3 Na6 12. Qd2 Nb4 13. Nge2 Be6 14. a3 Nxd3+
15. Qxd3 O-O-O 16. O-O-O Bb3 17. Rd2 b5 18. Ne4 Bc4 19. Nxd6+ Rxd6 20. Qc3 Qb6
21. Nf4 Rhd8 22. b3 Be6 23. Nxe6 fxe6 24. Rc2 Kb7 25. Kb2 a5 26. Rhc1 Rg8 27.
g3 Rg5 28. Qd3 Rg7 29. Qe4 Rgd7 30. Qf4 f5 31. Rc5 Rd5 32. Qxh6 R7d6 33. Rxd5
cxd5 34. Qg7+ Kb8 35. Qf8+ Rd8 36. Qc5 Qb7 37. Qc6 Rh8 38. Qd6+ Ka8 39. Rc7
1-0

[Event "Landsturneringen 2017"]
[Site "Clarion Energy Hotel, Stavanger"]
[Date "2017.07.05"]
[Round "6"]
[White "Nilsen, Martin"]
[Black "Kjærås, Alf Marius"]
[Result "1-0"]
[WhiteElo "2080"]
[BlackElo "1713"]
[PlyCount "73"]
[EventDate "2017.??.??"]

1. e3 d5 2. f4 Nf6 3. Nf3 e6 4. b3 c5 5. Bb2 Be7 6. Be2 Nc6 7. Bb5 Bd7 8. Bxc6
Bxc6 9. Ne5 O-O 10. O-O Be8 11. d3 Nd7 12. Qg4 Nxe5 13. fxe5 Bh4 14. Rf6 Kh8
15. Qxh4 gxf6 16. exf6 Rg8 17. Nd2 d4 18. Nf3 Rg6 19. exd4 Qd5 20. Qe4 Qh5 21.
Qxb7 Rd8 22. Qe7 Qxf3 23. Qf8+ Rg8 24. Qxg8+ Kxg8 25. gxf3 cxd4 26. Kf2 Rd5 27.
Rg1+ Kh8 28. Ke2 a6 29. Rg4 e5 30. f4 Rc5 31. Kd2 exf4 32. Rxf4 Rd5 33. Bxd4
Bd7 34. c4 Ra5 35. a4 Be6 36. Kc3 Rh5 37. h4
1-0

[Event "Landsturneringen 2017"]
[Site "Clarion Energy Hotel, Stavanger"]
[Date "2017.07.05"]
[Round "6"]
[White "Kizatbay, Alseit"]
[Black "Sjøberg, Isak"]
[Result "1-0"]
[WhiteElo "1952"]
[BlackElo "2076"]
[PlyCount "77"]

1. d4 {[%clk 1:25:01]} Nf6 {[%clk 1:30:46]} 2. c4 {[%clk 1:25:00]} e6
{[%clk 1:28:39]} 3. Nf3 {[%clk 1:24:36]} c5 {[%clk 1:28:50]} 4. e3
{[%clk 1:11:34]} cxd4 {[%clk 1:27:19]} 5. Nxd4 {[%clk 1:10:37]} b6
{[%clk 1:13:40]} 6. Be2 {[%clk 1:09:45]} Bb7 {[%clk 1:06:08]} 7. O-O
{[%clk 1:07:48]} Be7 {[%clk 1:02:46]} 8. Nd2 {[%clk 1:04:58]} O-O
{[%clk 0:57:26]} 9. b3 {[%clk 1:01:42]} Na6 {[%clk 0:49:14]} 10. Bb2
{[%clk 1:01:17]} Rc8 {[%clk 0:47:21]} 11. Nb5 {[%clk 0:56:11]} Ra8
{[%clk 0:38:30]} 12. Bf3 {[%clk 0:53:51]} Nc5 {[%clk 0:30:28]} 13. Bxb7
{[%clk 0:46:59]} Nxb7 {[%clk 0:30:50]} 14. e4 {[%clk 0:46:08]} a6
{[%clk 0:25:52]} 15. Nd4 {[%clk 0:45:02]} Qc7 {[%clk 0:23:20]} 16. Qf3
{[%clk 0:36:47]} Nc5 {[%clk 0:19:34]} 17. Ne2 {[%clk 0:23:17]} d6
{[%clk 0:13:41]} 18. Nf4 {[%clk 0:21:17]} e5 {[%clk 0:11:12]} 19. Nd5
{[%clk 0:17:23]} Nxd5 {[%clk 0:11:24]} 20. cxd5 {[%clk 0:17:34]} Qd7
{[%clk 0:08:22]} 21. Nc4 {[%clk 0:16:21]} Rab8 {[%clk 0:08:20]} 22. Qe2
{[%clk 0:16:36]} b5 {[%clk 0:08:22]} 23. Na5 {[%clk 0:16:13]} Rbc8
{[%clk 0:07:35]} 24. Nc6 {[%clk 0:16:13]} f5 {[%clk 0:04:56]} 25. f3
{[%clk 0:12:16]} fxe4 {[%clk 0:04:14]} 26. fxe4 {[%clk 0:12:36]} Bg5
{[%clk 0:03:48]} 27. Bc1 {[%clk 0:11:57]} Rxf1+ {[%clk 0:03:53]} 28. Kxf1
{[%clk 0:10:46]} Rf8+ {[%clk 0:03:12]} 29. Kg1 {[%clk 0:11:10]} Bxc1
{[%clk 0:02:58]} 30. Rxc1 {[%clk 0:11:35]} Qf7 {[%clk 0:02:10]} 31. g3
{[%clk 0:09:46]} Qc7 {[%clk 0:01:12]} 32. Qe3 {[%clk 0:08:33]} Re8
{[%clk 0:00:44]} 33. b4 {[%clk 0:06:43]} Na4 {[%clk 0:00:37]} 34. Qg5
{[%clk 0:06:51]} Qb6+ {[%clk 0:00:42]} 35. Kg2 {[%clk 0:06:56]} Rf8
{[%clk 0:00:38]} 36. Ne7+ {[%clk 0:06:10]} Kh8 {[%clk 0:01:07]} 37. Nf5
{[%clk 0:06:32]} g6 {[%clk 0:01:04]} 38. Qe7 {[%clk 0:06:38]} Rg8
{[%clk 0:00:39]} 39. Qf6+ {[%clk 0:07:00]}
1-0

[Event "Landsturneringen 2017"]
[Site "Clarion Energy Hotel, Stavanger"]
[Date "2017.07.05"]
[Round "6"]
[White "Fossan, Benjamin"]
[Black "Machlik, Monika"]
[Result "1/2-1/2"]
[WhiteElo "1855"]
[BlackElo "2049"]
[PlyCount "37"]

1. e4 {[%clk 1:30:57]} c6 {[%clk 1:30:52]} 2. d4 {[%clk 1:31:18]} d5
{[%clk 1:31:18]} 3. exd5 {[%clk 1:31:42]} cxd5 {[%clk 1:31:45]} 4. c4
{[%clk 1:32:05]} Nf6 {[%clk 1:31:03]} 5. Nc3 {[%clk 1:32:02]} Nc6
{[%clk 1:31:00]} 6. Bg5 {[%clk 1:31:24]} dxc4 {[%clk 1:29:55]} 7. Bxc4
{[%clk 1:31:07]} h6 {[%clk 1:28:40]} 8. Bf4 {[%clk 1:23:31]} e6 {[%clk 1:26:43]}
9. Nf3 {[%clk 1:18:09]} Be7 {[%clk 1:20:53]} 10. O-O {[%clk 1:15:30]} O-O
{[%clk 1:21:10]} 11. a3 {[%clk 1:09:28]} b6 {[%clk 1:17:06]} 12. Qd3
{[%clk 1:05:17]} Bb7 {[%clk 1:13:56]} 13. Rfd1 {[%clk 1:03:43]} Rc8
{[%clk 1:07:03]} 14. Rac1 {[%clk 0:59:17]} Bd6 {[%clk 1:02:04]} 15. Bxd6
{[%clk 0:49:51]} Qxd6 {[%clk 1:02:24]} 16. Ba6 {[%clk 0:40:15]} Bxa6
{[%clk 0:57:16]} 17. Qxa6 {[%clk 0:40:42]} Rfd8 {[%clk 0:48:46]} 18. h3
{[%clk 0:35:49]} Nd5 {[%clk 0:31:37]} 19. Nb5 {[%clk 0:27:36]}
1/2-1/2

[Event "Landsturneringen 2017"]
[Site "Clarion Energy Hotel, Stavanger"]
[Date "2017.07.05"]
[Round "6"]
[White "Nordquelle, Daniel"]
[Black "Saltvedt, Martin"]
[Result "0-1"]
[WhiteElo "2047"]
[BlackElo "2046"]
[PlyCount "58"]

1. e4 {[%clk 1:30:46]} c6 {[%clk 1:30:56]} 2. d4 {[%clk 1:31:09]} d5
{[%clk 1:31:20]} 3. e5 {[%clk 1:31:35]} Bf5 {[%clk 1:31:47]} 4. h4
{[%clk 1:32:01]} h5 {[%clk 1:32:04]} 5. c4 {[%clk 1:32:25]} e6 {[%clk 1:32:25]}
6. Nc3 {[%clk 1:32:50]} Nd7 {[%clk 1:31:37]} 7. cxd5 {[%clk 1:29:34]} cxd5
{[%clk 1:29:40]} 8. Nge2 {[%clk 1:29:41]} Be7 {[%clk 1:28:20]} 9. Ng3
{[%clk 1:21:57]} Bg4 {[%clk 1:23:39]} 10. Be2 {[%clk 1:11:15]} Bxe2
{[%clk 1:21:48]} 11. Qxe2 {[%clk 1:10:20]} g6 {[%clk 1:20:38]} 12. Nb5
{[%clk 1:10:34]} Nb6 {[%clk 1:19:41]} 13. Bg5 {[%clk 1:10:36]} Nc4
{[%clk 1:19:46]} 14. Ne4 {[%clk 0:52:00]} Qa5+ {[%clk 1:17:08]} 15. Nbc3
{[%clk 0:52:20]} Qb4 {[%clk 1:07:31]} 16. Bxe7 {[%clk 0:33:32]} Kxe7
{[%clk 1:08:00]} 17. Ng5 {[%clk 0:25:03]} Rc8 {[%clk 1:06:55]} 18. Qf3
{[%clk 0:25:17]} f6 {[%clk 1:07:05]} 19. exf6+ {[%clk 0:25:33]} Nxf6
{[%clk 1:07:33]} 20. O-O {[%clk 0:25:28]} Rc6 {[%clk 1:05:41]} 21. Rfe1
{[%clk 0:24:48]} Rd8 {[%clk 1:01:04]} 22. Re2 {[%clk 0:23:07]} Rdd6
{[%clk 0:56:06]} 23. Rae1 {[%clk 0:20:36]} Qa5 {[%clk 0:41:41]} 24. b4
{[%clk 0:18:32]} Qxb4 {[%clk 0:36:30]} 25. Nxd5+ {[%clk 0:17:02]} Rxd5
{[%clk 0:35:29]} 26. Rxe6+ {[%clk 0:17:19]} Kd7 {[%clk 0:31:23]} 27. Kh2
{[%clk 0:15:34]} Rxe6 {[%clk 0:26:51]} 28. Nxe6 {[%clk 0:13:46]} Qxe1
{[%clk 0:25:17]} 29. Qxf6 {[%clk 0:13:46]} Qxe6 {[%clk 0:25:39]}
0-1

[Event "Landsturneringen 2017"]
[Site "Clarion Energy Hotel, Stavanger"]
[Date "2017.07.05"]
[Round "6"]
[White "Fossan, Andreas"]
[Black "Kyrkjebø, Marte B"]
[Result "1-0"]
[WhiteElo "1998"]
[BlackElo "1833"]
[PlyCount "131"]
[EventDate "2017.??.??"]

1. d4 Nf6 2. c4 e6 3. Nc3 Bb4 4. f3 Bxc3+ 5. bxc3 d5 6. cxd5 exd5 7. Ba3 Nc6 8.
e3 Ne7 9. Bd3 O-O 10. Ne2 Re8 11. Ng3 Ng6 12. Kf2 b6 13. Re1 Bb7 14. Kg1 Qc8
15. Qa4 c6 16. Nf5 Qd7 17. Rad1 Red8 18. Qc2 Qc7 19. Qd2 c5 20. Rc1 Rac8 21. g3
Qd7 22. Qb2 Ne7 23. g4 Ng6 24. Qf2 Qa4 25. Qb2 Qd7 26. Rb1 Ba8 27. Ba6 Rc7 28.
Bf1 Qc6 29. Bb5 Qb7 30. Qe2 Qc8 31. Bd3 Qd7 32. h4 Nf8 33. Bb5 Bc6 34. dxc5
Bxb5 35. Rxb5 bxc5 36. Bxc5 Ne6 37. Bd4 Nxd4 38. cxd4 Rdc8 39. Rb2 g6 40. Nh6+
Kg7 41. g5 Ne8 42. Ng4 Qd6 43. Qh2 Qxh2+ 44. Kxh2 Rc2+ 45. Re2 R2c7 46. Kh3 f6
47. Rb5 Rd7 48. Reb2 Rcc7 49. Rb8 Re7 50. R2b5 Rcd7 51. Rxe8 Rxe8 52. Nxf6 Red8
53. Nxd7 Rxd7 54. Kg3 Kf7 55. Ra5 Ke6 56. Ra6+ Ke7 57. Kf4 Kf7 58. a4 Ke7 59.
Ke5 Kf7 60. e4 dxe4 61. fxe4 Re7+ 62. Kf4 Rb7 63. e5 Rb4 64. Rxa7+ Ke6 65. Ke4
Rb2 66. Rxh7
1-0

[Event "Landsturneringen 2017"]
[Site "Clarion Energy Hotel, Stavanger"]
[Date "2017.07.05"]
[Round "6"]
[White "Jarve, Edvin"]
[Black "Rødsmoen, Maud"]
[Result "1/2-1/2"]
[WhiteElo "1843"]
[BlackElo "1968"]
[PlyCount "111"]
[EventDate "2017.??.??"]

1. d4 Nf6 2. c4 e6 3. Nc3 Bb4 4. Qc2 O-O 5. Nf3 d5 6. cxd5 exd5 7. Bf4 Nbd7 8.
e3 Ne4 9. Bd3 Ndf6 10. O-O Nxc3 11. bxc3 Bd6 12. Ne5 Re8 13. Rab1 c6 14. c4
dxc4 15. Bxc4 Bxe5 16. Bxe5 Nd7 17. Bg3 Nb6 18. Bd3 h6 19. Rfc1 a5 20. Bh7+ Kh8
21. Bf5 Nd5 22. Bxc8 Qxc8 23. a3 Re7 24. e4 Nf6 25. f3 Qd8 26. Qc4 Rd7 27. Rd1
Rc8 28. Qc5 Ne8 29. Rb6 Ra8 30. a4 Nf6 31. Rb2 Ra6 32. Bf2 Ne8 33. Rdb1 Qa8 34.
Rb6 Nd6 35. Rxa6 Qxa6 36. Bg3 Qd3 37. Rf1 Nc4 38. Bf2 Kg8 39. Qf5 Rd8 40. Qf4
Qb3 41. Qc7 Re8 42. d5 cxd5 43. Qd7 Ra8 44. Qxd5 Qxa4 45. Qxb7 Rd8 46. Qc7 Rd7
47. Qc8+ Kh7 48. Qc5 Nd2 49. Re1 Nb3 50. Qf5+ g6 51. Qf4 Qb4 52. Rb1 a4 53. Be3
Qf8 54. e5 Nc5 55. Qb4 Ne6 56. Qxa4
1/2-1/2

[Event "Landsturneringen 2017"]
[Site "Clarion Energy Hotel, Stavanger"]
[Date "2017.07.05"]
[Round "6"]
[White "Grønn, Eskil Ekeland"]
[Black "Kyrkjebø, Hanna B"]
[Result "1/2-1/2"]
[WhiteElo "1914"]
[BlackElo "1923"]
[PlyCount "83"]
[EventDate "2017.??.??"]

1. d4 Nf6 2. Nf3 e6 3. g3 d5 4. Bg2 Be7 5. O-O O-O 6. b3 Nbd7 7. Bb2 b6 8. a4
a5 9. Na3 c6 10. Rc1 Ba6 11. Ne5 Rc8 12. c4 Nxe5 13. dxe5 Nd7 14. cxd5 cxd5 15.
Nb5 Bxb5 16. axb5 Nc5 17. f4 f5 18. exf6 Bxf6 19. Bxf6 Rxf6 20. f5 exf5 21. b4
axb4 22. Rb1 Ne4 23. Rxb4 Qd6 24. Rd4 Qc5 25. e3 Re8 26. Qb3 Nc3 27. Re1 Rd6
28. Rd3 Ne4 29. Bxe4 Rxe4 30. Rc3 Qb4 31. Qc2 Rc4 32. Rc1 Rxc3 33. Qxc3 Qxc3
34. Rxc3 Kf7 35. Rc7+ Kf6 36. Kf2 h6 37. Ke2 g5 38. Kd3 Ke5 39. Kc3 Re6 40. Rc8
Ke4 41. Rc6 Ke5 42. Rc8
1/2-1/2

[Event "Landsturneringen 2017"]
[Site "Clarion Energy Hotel, Stavanger"]
[Date "2017.07.05"]
[Round "6"]
[White "Reigstad, Erlend"]
[Black "Olsen, Ulrik"]
[Result "1/2-1/2"]
[WhiteElo "1660"]
[BlackElo "1913"]
[PlyCount "120"]
[EventDate "2017.??.??"]

1. d4 Nf6 2. c4 g6 3. Nc3 d5 4. cxd5 Nxd5 5. e4 Nxc3 6. bxc3 Bg7 7. Bc4 O-O 8.
Ne2 c5 9. Be3 Bd7 10. O-O e6 11. Rb1 Qc7 12. d5 exd5 13. Bxd5 Bc6 14. Bxc5 Rd8
15. Be3 Bxd5 16. exd5 b6 17. Qb3 Nd7 18. Nd4 Nc5 19. Nb5 Qe7 20. Bxc5 Qxc5 21.
c4 a6 22. Nc3 Bxc3 23. Qxc3 b5 24. Rfc1 Rac8 25. Qf6 Rd6 26. Qf3 bxc4 27. Rd1
c3 28. Rb7 Rf8 29. Rc1 c2 30. Rb2 Rc8 31. Rbxc2 Qxc2 32. Rxc2 Rxc2 33. g3 Rxa2
34. Qb3 Ra1+ 35. Kg2 Rd8 36. Qb6 Rf8 37. Kf3 a5 38. Qb2 Rd1 39. Qb3 Rd4 40. Qb5
a4 41. Ke3 Rd1 42. Ke2 Ra1 43. d6 a3 44. d7 Ra2+ 45. Kf3 Rd2 46. Qb4 Rd3+ 47.
Ke4 a2 48. Kxd3 a1=Q 49. Qxf8+ Kxf8 50. d8=Q+ Kg7 51. Qd4+ Qxd4+ 52. Kxd4 Kf6
53. f4 Kf5 54. h3 h6 55. Ke3 h5 56. Kf3 f6 57. h4 Ke6 58. Ke4 Kd6 59. Kd4 f5
60. Kc4 Kc6
1/2-1/2

[Event "Landsturneringen 2017"]
[Site "Clarion Energy Hotel, Stavanger"]
[Date "2017.07.05"]
[Round "6"]
[White "Pettersen, Johan"]
[Black "Næss, Sara"]
[Result "0-1"]
[WhiteElo "1896"]
[BlackElo "1786"]
[PlyCount "94"]
[EventDate "2017.??.??"]

1. e4 c5 2. Nf3 Nc6 3. c3 d5 4. exd5 Qxd5 5. d4 Bg4 6. Be2 cxd4 7. cxd4 e6 8.
O-O Nf6 9. Nc3 Qa5 10. a3 Be7 11. Bd2 Qd8 12. Be3 O-O 13. b4 Nd5 14. Nxd5 Qxd5
15. Qd3 a6 16. Rac1 Bf5 17. Qc4 Be4 18. Qxd5 Bxd5 19. Ne5 Rad8 20. Nxc6 Bxc6
21. Rfd1 Ba4 22. Rd3 Bf6 23. Bf3 Rd7 24. d5 Bb2 25. Re1 Bc2 26. Rd2 Bc3 27.
Rxc2 Bxe1 28. Kf1 Bxb4 29. dxe6 fxe6 30. axb4 Rd3 31. Ke2 Rb3 32. Bc5 Rc8 33.
Bg4 Kf7 34. Rd2 b6 35. Rd7+ Kg6 36. Bxb6 Rxb4 37. Bxe6 Rxb6 38. Rxg7+ Kxg7 39.
Bxc8 a5 40. Bd7 Rb2+ 41. Kd3 Rxf2 42. Bc6 Rb2 43. Kc3 Rb4 44. h3 Kf6 45. g3 h6
46. Bf3 Rb1 47. Kc2 Rg1
0-1

[Event "Landsturneringen 2017"]
[Site "Clarion Energy Hotel, Stavanger"]
[Date "2017.07.05"]
[Round "6"]
[White "Wadstensvik, Petter Andreas"]
[Black "Mikelsen, Mattis"]
[Result "1/2-1/2"]
[WhiteElo "1809"]
[BlackElo "1764"]
[PlyCount "110"]
[EventDate "2017.??.??"]

1. d4 Nf6 2. Nf3 g6 3. Bf4 Bg7 4. e3 d6 5. Bd3 O-O 6. O-O Nbd7 7. h3 e5 8. dxe5
dxe5 9. Nxe5 Nd5 10. Nxd7 Qxd7 11. c3 Nxf4 12. exf4 Rd8 13. Bc2 Qxd1 14. Bxd1
Bh6 15. Na3 Bxf4 16. Bb3 Bd7 17. Rfe1 Re8 18. Nc2 Bd6 19. Rad1 Rxe1+ 20. Rxe1
Re8 21. Ne3 Bc6 22. Rd1 Bc5 23. Bd5 Bxd5 24. Rxd5 Bxe3 25. fxe3 Rxe3 26. Rd7
Re2 27. b3 Rxa2 28. Rxc7 b6 29. b4 Kg7 30. c4 Kf6 31. c5 bxc5 32. bxc5 Ke6 33.
Rc8 a5 34. c6 Rc2 35. Ra8 Rxc6 36. Rxa5 f5 37. Kf2 g5 38. g4 Rc2+ 39. Kf3 Rc3+
40. Kf2 Rxh3 41. Rxf5 h6 42. Ra5 Rd3 43. Ra6+ Ke5 44. Rxh6 Kf4 45. Ra6 Rf3+ 46.
Kg2 Kxg4 47. Ra4+ Rf4 48. Rxf4+ Kxf4 49. Kf2 g4 50. Kg2 g3 51. Kg1 Kg4 52. Kg2
Kf4 53. Kg1 Kf3 54. Kf1 g2+ 55. Kg1 Kg3
1/2-1/2

[Event "Landsturneringen 2017"]
[Site "Clarion Energy Hotel, Stavanger"]
[Date "2017.07.06"]
[Round "7"]
[White "Kizatbay, Alseit"]
[Black "Ranaldi, Lucas"]
[Result "0-1"]
[WhiteElo "1952"]
[BlackElo "2269"]
[PlyCount "84"]

1. d4 {[%clk 1:28:24]} Nf6 {[%clk 1:30:52]} 2. c4 {[%clk 1:28:06]} c5
{[%clk 1:31:13]} 3. Nf3 {[%clk 1:26:21]} cxd4 {[%clk 1:26:20]} 4. Qxd4
{[%clk 1:26:39]} Nc6 {[%clk 1:25:06]} 5. Qd1 {[%clk 1:26:49]} g6 {[%clk 1:21:46]}
6. e3 {[%clk 1:26:07]} Bg7 {[%clk 1:21:46]} 7. Be2 {[%clk 1:26:28]} O-O
{[%clk 1:21:24]} 8. O-O {[%clk 1:26:50]} d6 {[%clk 1:18:25]} 9. Nd4
{[%clk 1:18:38]} Bd7 {[%clk 1:15:52]} 10. b3 {[%clk 1:12:50]} a6 {[%clk 1:11:00]}
11. Nxc6 {[%clk 1:10:54]} Bxc6 {[%clk 1:07:16]} 12. Bb2 {[%clk 1:10:48]} b5
{[%clk 1:05:01]} 13. Nd2 {[%clk 1:03:29]} Qa5 {[%clk 1:00:41]} 14. cxb5
{[%clk 0:57:01]} axb5 {[%clk 1:00:02]} 15. a3 {[%clk 0:53:54]} Rfc8
{[%clk 0:57:08]} 16. b4 {[%clk 0:49:19]} Qb6 {[%clk 0:44:34]} 17. Nb3
{[%clk 0:47:20]} Qb7 {[%clk 0:22:13]} 18. Na5 {[%clk 0:38:40]} Rxa5
{[%clk 0:22:26]} 19. bxa5 {[%clk 0:39:05]} Bxg2 {[%clk 0:22:48]} 20. a6
{[%clk 0:39:08]} Qa8 {[%clk 0:22:00]} 21. Rc1 {[%clk 0:19:52]} Bxf1
{[%clk 0:18:51]} 22. Bxf1 {[%clk 0:19:03]} Qxa6 {[%clk 0:17:52]} 23. Rxc8+
{[%clk 0:16:28]} Qxc8 {[%clk 0:18:18]} 24. Bxf6 {[%clk 0:15:32]} Bxf6
{[%clk 0:18:35]} 25. Bxb5 {[%clk 0:15:23]} Qf5 {[%clk 0:15:45]} 26. a4
{[%clk 0:13:50]} Qg5+ {[%clk 0:14:49]} 27. Kh1 {[%clk 0:13:26]} Qh4
{[%clk 0:13:36]} 28. Qf3 {[%clk 0:12:11]} Kg7 {[%clk 0:11:43]} 29. Kg2
{[%clk 0:10:49]} Qg5+ {[%clk 0:03:50]} 30. Qg3 {[%clk 0:10:19]} Qc5
{[%clk 0:03:48]} 31. Qf4 {[%clk 0:07:40]} d5 {[%clk 0:03:20]} 32. Be8
{[%clk 0:05:29]} h5 {[%clk 0:02:46]} 33. h3 {[%clk 0:04:34]} Qc8 {[%clk 0:02:17]}
34. Bb5 {[%clk 0:04:12]} Qb7 {[%clk 0:02:22]} 35. Qf3 {[%clk 0:04:01]} e5
{[%clk 0:02:00]} 36. Be8 {[%clk 0:01:46]} e4 {[%clk 0:01:50]} 37. Qe2
{[%clk 0:00:59]} d4 {[%clk 0:01:34]} 38. exd4 {[%clk 0:01:06]} Bxd4
{[%clk 0:01:17]} 39. Qb5 {[%clk 0:00:57]} Qe7 {[%clk 0:01:03]} 40. Qd5
{[%clk 0:00:32]} Ba7 {[%clk 0:00:55]} 41. Bc6 {[%clk 0:00:37]} Qf6
{[%clk 0:26:27]} 42. f4 {[%clk 0:18:50]} Qb2+ {[%clk 0:26:35]}
0-1